| 000 | 01026nam a22003497a 4500 | ||
|---|---|---|---|
| 001 | 0000944 | ||
| 003 | KOHA_MİRAKIL | ||
| 005 | 20260207001225.0 | ||
| 007 | ta | ||
| 008 | 081212b2000 tu |||gr||||#0|||0|tur | | ||
| 020 |
_a9754861870 _cYTL28,69 |
||
| 040 |
_aTR-BiSEU _btur _cTR-BiSEU _erda |
||
| 041 | 0 | _atur | |
| 044 | _ctu | ||
| 050 |
_aQA76.73.C15 _bE73 2000 |
||
| 100 | 1 | _aErdun, Hakan. | |
| 245 | 1 |
_aTurbo C : _bprogramlama dili/ _cHakan Erdun ; Hakan Erdun, Fehmi Demiralp. |
|
| 250 | _a5. Baskı | ||
| 264 | 1 |
_aİstanbul : _bBeta _c2000 |
|
| 300 |
_a471 sayfa ; _c24 cm. |
||
| 336 |
_ametin _btxt _2rdacontent |
||
| 337 |
_aaracısız _bn _2rdamedia |
||
| 338 |
_acilt _bnc _2rdacarrier |
||
| 490 | 1 |
_aBeta Yayın No ; _v292.. |
|
| 490 | 1 |
_aBilgisayar dizisi ; _v18. |
|
| 650 | 0 |
_aTurbo C (Computer file). _93587 |
|
| 650 | 0 |
_aTurbo C (Bilgisayar kütügü). _93588 |
|
| 830 | 1 |
_aBeta Yayın No ; _v292.. _91882 |
|
| 830 | 1 |
_aBilgisayar dizisi ; _v18. _92723 |
|
| 907 | _aOkuma Kitabı | ||
| 942 |
_2lcc _cBK |
||
| 999 |
_c939 _d939 |
||